000 00378nam a2200169Ia 4500
003 OSt
005 20240209120419.0
008 170619s9999 xx 000 0 und d
020 _a9780070486331
040 _cIIMT ENGINEERING COLLEGE
100 _acohen
245 0 _anegotiating for managers
260 _bt m h
260 _c2008
546 _aENGLISH
942 _2ddc
_c02
999 _c22391
_d22391